Muerte y vida en el Río Napo : (Registro nro. 3916)

000 -CABECERA
campo de control de longitud fija 01122nam a2200229 i 4500
005 - FECHA Y HORA DE LA ÚLTIMA TRANSACCIÓN
campo de control 20250414100838.0
008 - DATOS DE LONGITUD FIJA--INFORMACIÓN GENERAL
campo de control de longitud fija 250414s1991 ec a fr 00| 0 spa d
040 ## - FUENTE DE LA CATALOGACIÓN
Centro catalogador/agencia de origen CENDOC CAAAP
Lengua de catalogación spa
Centro/agencia transcriptor CAAAP
041 0# - CÓDIGO DE LENGUA
Código de lengua del texto/banda sonora o título independiente spa
050 ## - SIGNATURA TOPOGRÁFICA DE LA BIBLIOTECA DEL CONGRESO
Número de clasificación F 3429.1
Número de documento/Ítem P35
100 ## - ENTRADA PRINCIPAL--NOMBRE DE PERSONA
9 (RLIN) 4708
Nombre personal Palacio A., José Luis
500 ## - NOTA GENERAL
Especificación de materiales Aspectos culturales y simbólicos
Nota general Analiza prácticas culturales relacionadas con la vida, la muerte y las cosmovisiones del pueblo Napo-Runa.
520 ## - NOTA DE RESUMEN
Resumen Estudio etnográfico sobre la cultura del pueblo Napo-Runa en la cuenca del río Napo, centrado en sus concepciones sobre la vida, la muerte y su relación con el entorno natural y espiritual.<br/>
245 10 - MENCIÓN DE TÍTULO
Título Muerte y vida en el Río Napo :
Subtitulo cultura Napo-Runa /
Mención de responsabilidad, etc. José Luis Palacio Asensio
250 ## - MENCIÓN DE EDICIÓN
Mención de edición 1ra. ed.
260 #1 - PUBLICACIÓN, DISTRIBUCIÓN, ETC.
Lugar de publicación, distribución, etc. Pompeya, Ecuador :
Nombre del editor, distribuidor, etc. CICAME,
Fecha de publicación, distribución, etc. 1991
300 ## - DESCRIPCIÓN FÍSICA
Extensión 114 p. ;
Dimensiones 21 x 15 cm
650 10 - PUNTO DE ACCESO ADICIONAL DE MATERIA--TÉRMINO DE MATERIA
9 (RLIN) 4
Término de materia o nombre geográfico como elemento de entrada Pueblos Indígenas
Subdivisión general Costumbres y tradiciones
Subdivisión geográfica Ecuador y Perú
650 10 - PUNTO DE ACCESO ADICIONAL DE MATERIA--TÉRMINO DE MATERIA
9 (RLIN) 191
Término de materia o nombre geográfico como elemento de entrada Antropología Social y Cultural
Subdivisión general Ritos funerarios
Subdivisión geográfica Amazonía
-- Ecuador y Perú
710 2# - ENTRADA SECUNDARIA -- AUTOR CORPORATIVO
9 (RLIN) 1086
Nombre de entidad corporativa o nombre de jurisdicción como elemento de entrada Vicariato Apostólico de Aguarico
942 ## - ELEMENTOS PERSONALIZADOS KOHA
Fuente del sistema de clasificación o colocación
Fecha de catalogación DD - MM - AA
Existencias
Fuente del sistema de clasificación o colocación Localización permanente Ubicación/localización actual Fecha de adquisición Total de préstamos Signatura LC Fecha visto por última vez
  CENTRO DE DOCUMENTACIÓN (CENDOC) CENTRO DE DOCUMENTACIÓN (CENDOC) 04/14/2025   F 3429.1 / P35 04/14/2025
Centro de Documentación CAAAP | AV. Manuel González Prada 626, Magdalena del Mar | (51-1) 4615223 Anexo 205 y 209 | cendoc@caaap.org.pe